<?xml version="1.0" encoding="UTF-8"?>
<collection xmlns="http://www.loc.gov/MARC21/slim">
 <record>
  <leader>13182nas a2201381   4500</leader>
  <controlfield tag="001">1/50422</controlfield>
  <controlfield tag="008">050926c19__9999gr mr p       0   g0gre d</controlfield>
  <datafield tag="035" ind1=" " ind2=" ">
   <subfield code="l">30418</subfield>
  </datafield>
  <datafield tag="040" ind1=" " ind2=" ">
   <subfield code="a">GR-PeUP</subfield>
  </datafield>
  <datafield tag="090" ind1=" " ind2=" ">
   <subfield code="a">Αλφαβητική σειρά</subfield>
  </datafield>
  <datafield tag="245" ind1="0" ind2="0">
   <subfield code="a">Επιθεώρηση κοινωνικής ασφάλισης</subfield>
  </datafield>
  <datafield tag="260" ind1="0" ind2=" ">
   <subfield code="a">Αθήνα :</subfield>
   <subfield code="b">Ίδρυμα Κοινωνικών Ασφαλίσεων,</subfield>
   <subfield code="c">[19--]-</subfield>
  </datafield>
  <datafield tag="300" ind1=" " ind2=" ">
   <subfield code="a">τ. ;</subfield>
   <subfield code="c">24 εκ.</subfield>
  </datafield>
  <datafield tag="310" ind1=" " ind2=" ">
   <subfield code="a">Μηνιαίο</subfield>
  </datafield>
  <datafield tag="362" ind1="0" ind2=" ">
   <subfield code="a">Τχ. 1 (Ιαν. 2004)-</subfield>
  </datafield>
  <datafield tag="546" ind1=" " ind2=" ">
   <subfield code="a">Ελληνική</subfield>
  </datafield>
  <datafield tag="610" ind1="2" ind2="0">
   <subfield code="a">Ίδρυμα Κοινωνικών Ασφαλίσεων.</subfield>
  </datafield>
  <datafield tag="650" ind1=" " ind2="4">
   <subfield code="a">Ασφάλιση</subfield>
   <subfield code="v">Περιοδικά.</subfield>
  </datafield>
  <datafield tag="650" ind1=" " ind2="4">
   <subfield code="a">Ασφαλιστικό δίκαιο</subfield>
   <subfield code="v">Περιοδικά.</subfield>
  </datafield>
  <datafield tag="852" ind1=" " ind2=" ">
   <subfield code="a">INST</subfield>
   <subfield code="b">UNIPILB</subfield>
   <subfield code="c">SERIALS</subfield>
   <subfield code="e">20050929</subfield>
   <subfield code="h">Αλφαβητική σειρά</subfield>
   <subfield code="p">47166</subfield>
   <subfield code="q">47166</subfield>
   <subfield code="t">NOLOAN</subfield>
   <subfield code="v">τεύχ.1:(Μήνας)Ιανουάριος;(Έτος)2004</subfield>
   <subfield code="y">23</subfield>
  </datafield>
  <datafield tag="852" ind1=" " ind2=" ">
   <subfield code="a">INST</subfield>
   <subfield code="b">UNIPILB</subfield>
   <subfield code="c">SERIALS</subfield>
   <subfield code="e">20050929</subfield>
   <subfield code="h">Αλφαβητική σειρά</subfield>
   <subfield code="p">47167</subfield>
   <subfield code="q">47167</subfield>
   <subfield code="t">NOLOAN</subfield>
   <subfield code="v">τεύχ.2:(Μήνας)Φεβρουάριος;(Έτος)2004</subfield>
   <subfield code="y">23</subfield>
  </datafield>
  <datafield tag="852" ind1=" " ind2=" ">
   <subfield code="a">INST</subfield>
   <subfield code="b">UNIPILB</subfield>
   <subfield code="c">SERIALS</subfield>
   <subfield code="e">20050929</subfield>
   <subfield code="h">Αλφαβητική σειρά</subfield>
   <subfield code="p">47168</subfield>
   <subfield code="q">47168</subfield>
   <subfield code="t">NOLOAN</subfield>
   <subfield code="v">τεύχ.4:(Μήνας)Απρίλιος;(Έτος)2004</subfield>
   <subfield code="y">23</subfield>
  </datafield>
  <datafield tag="852" ind1=" " ind2=" ">
   <subfield code="a">INST</subfield>
   <subfield code="b">UNIPILB</subfield>
   <subfield code="c">SERIALS</subfield>
   <subfield code="e">20050929</subfield>
   <subfield code="h">Αλφαβητική σειρά</subfield>
   <subfield code="p">47169</subfield>
   <subfield code="q">47169</subfield>
   <subfield code="t">NOLOAN</subfield>
   <subfield code="v">τεύχ.5:(Μήνας)Μάιος;(Έτος)2004</subfield>
   <subfield code="y">23</subfield>
  </datafield>
  <datafield tag="852" ind1=" " ind2=" ">
   <subfield code="a">INST</subfield>
   <subfield code="b">UNIPILB</subfield>
   <subfield code="c">SERIALS</subfield>
   <subfield code="e">20050929</subfield>
   <subfield code="h">Αλφαβητική σειρά</subfield>
   <subfield code="p">47170</subfield>
   <subfield code="q">47170</subfield>
   <subfield code="t">NOLOAN</subfield>
   <subfield code="v">τεύχ.6:(Μήνας)Ιούνιος;(Έτος)2004</subfield>
   <subfield code="y">23</subfield>
  </datafield>
  <datafield tag="852" ind1=" " ind2=" ">
   <subfield code="a">INST</subfield>
   <subfield code="b">UNIPILB</subfield>
   <subfield code="c">SERIALS</subfield>
   <subfield code="e">20050929</subfield>
   <subfield code="h">Αλφαβητική σειρά</subfield>
   <subfield code="p">47171</subfield>
   <subfield code="q">47171</subfield>
   <subfield code="t">NOLOAN</subfield>
   <subfield code="v">τεύχ.7-8:(Μήνες)Ιούλ./Αύγ.;(Έτος)2004</subfield>
   <subfield code="y">23</subfield>
  </datafield>
  <datafield tag="852" ind1=" " ind2=" ">
   <subfield code="a">INST</subfield>
   <subfield code="b">UNIPILB</subfield>
   <subfield code="c">SERIALS</subfield>
   <subfield code="e">20050929</subfield>
   <subfield code="h">Αλφαβητική σειρά</subfield>
   <subfield code="p">47172</subfield>
   <subfield code="q">47172</subfield>
   <subfield code="t">NOLOAN</subfield>
   <subfield code="v">τεύχ.9:(Μήνας)Σεπτέμβριος;(Έτος)2004</subfield>
   <subfield code="y">23</subfield>
  </datafield>
  <datafield tag="852" ind1=" " ind2=" ">
   <subfield code="a">INST</subfield>
   <subfield code="b">UNIPILB</subfield>
   <subfield code="c">SERIALS</subfield>
   <subfield code="e">20050929</subfield>
   <subfield code="h">Αλφαβητική σειρά</subfield>
   <subfield code="p">47173</subfield>
   <subfield code="q">47173</subfield>
   <subfield code="t">NOLOAN</subfield>
   <subfield code="v">τεύχ.10:(Μήνας)Οκτώβριος;(Έτος)2004</subfield>
   <subfield code="y">23</subfield>
  </datafield>
  <datafield tag="852" ind1=" " ind2=" ">
   <subfield code="a">INST</subfield>
   <subfield code="b">UNIPILB</subfield>
   <subfield code="c">SERIALS</subfield>
   <subfield code="e">20050929</subfield>
   <subfield code="h">Αλφαβητική σειρά</subfield>
   <subfield code="p">47174</subfield>
   <subfield code="q">47174</subfield>
   <subfield code="t">NOLOAN</subfield>
   <subfield code="v">τεύχ.11:(Μήνας)Νοέμβριος;(Έτος)2004</subfield>
   <subfield code="y">23</subfield>
  </datafield>
  <datafield tag="852" ind1=" " ind2=" ">
   <subfield code="a">INST</subfield>
   <subfield code="b">UNIPILB</subfield>
   <subfield code="c">SERIALS</subfield>
   <subfield code="e">20051004</subfield>
   <subfield code="h">Αλφαβητική σειρά</subfield>
   <subfield code="p">47244</subfield>
   <subfield code="q">47244</subfield>
   <subfield code="t">NOLOAN</subfield>
   <subfield code="v">τεύχ.3:(Μήνας)Μάρτιος;(Έτος)2005</subfield>
   <subfield code="y">23</subfield>
  </datafield>
  <datafield tag="852" ind1=" " ind2=" ">
   <subfield code="a">INST</subfield>
   <subfield code="b">UNIPILB</subfield>
   <subfield code="c">SERIALS</subfield>
   <subfield code="e">20051004</subfield>
   <subfield code="h">Αλφαβητική σειρά</subfield>
   <subfield code="p">47245</subfield>
   <subfield code="q">47245</subfield>
   <subfield code="t">NOLOAN</subfield>
   <subfield code="v">τεύχ.4:(Μήνας)Απρίλιος;(Έτος)2005</subfield>
   <subfield code="y">23</subfield>
  </datafield>
  <datafield tag="852" ind1=" " ind2=" ">
   <subfield code="a">INST</subfield>
   <subfield code="b">UNIPILB</subfield>
   <subfield code="c">SERIALS</subfield>
   <subfield code="e">20051004</subfield>
   <subfield code="h">Αλφαβητική σειρά</subfield>
   <subfield code="p">47246</subfield>
   <subfield code="q">47246</subfield>
   <subfield code="t">NOLOAN</subfield>
   <subfield code="v">τεύχ.5:(Μήνας)Μάιος;(Έτος)2005</subfield>
   <subfield code="y">23</subfield>
  </datafield>
  <datafield tag="852" ind1=" " ind2=" ">
   <subfield code="a">INST</subfield>
   <subfield code="b">UNIPILB</subfield>
   <subfield code="c">SERIALS</subfield>
   <subfield code="e">20051004</subfield>
   <subfield code="h">Αλφαβητική σειρά</subfield>
   <subfield code="p">47247</subfield>
   <subfield code="q">47247</subfield>
   <subfield code="t">NOLOAN</subfield>
   <subfield code="v">τεύχ.6:(Μήνας)Ιούνιος;(Έτος)2005</subfield>
   <subfield code="y">23</subfield>
  </datafield>
  <datafield tag="852" ind1=" " ind2=" ">
   <subfield code="a">INST</subfield>
   <subfield code="b">UNIPILB</subfield>
   <subfield code="c">SERIALS</subfield>
   <subfield code="e">20051004</subfield>
   <subfield code="h">Αλφαβητική σειρά</subfield>
   <subfield code="p">47249</subfield>
   <subfield code="q">47249</subfield>
   <subfield code="t">NOLOAN</subfield>
   <subfield code="v">τεύχ.7-8:(Μήνες)Ιούλ./Αύγ.;(Έτος)2005</subfield>
   <subfield code="y">23</subfield>
  </datafield>
  <datafield tag="852" ind1=" " ind2=" ">
   <subfield code="a">INST</subfield>
   <subfield code="b">UNIPILB</subfield>
   <subfield code="c">SERIALS</subfield>
   <subfield code="e">20051026</subfield>
   <subfield code="h">Αλφαβητική σειρά</subfield>
   <subfield code="p">47963</subfield>
   <subfield code="q">47963</subfield>
   <subfield code="t">NOLOAN</subfield>
   <subfield code="v">τεύχ.9:(Μήνας)Σεπτέμβριος;(Έτος)2005</subfield>
   <subfield code="y">23</subfield>
  </datafield>
  <datafield tag="852" ind1=" " ind2=" ">
   <subfield code="a">INST</subfield>
   <subfield code="b">UNIPILB</subfield>
   <subfield code="c">SERIALS</subfield>
   <subfield code="e">20051128</subfield>
   <subfield code="h">Αλφαβητική σειρά</subfield>
   <subfield code="p">48789</subfield>
   <subfield code="q">48789</subfield>
   <subfield code="t">NOLOAN</subfield>
   <subfield code="v">τεύχ.10:(Μήνας)Οκτώβριος;(Έτος)2005</subfield>
   <subfield code="y">23</subfield>
  </datafield>
  <datafield tag="852" ind1=" " ind2=" ">
   <subfield code="a">INST</subfield>
   <subfield code="b">UNIPILB</subfield>
   <subfield code="c">SERIALS</subfield>
   <subfield code="e">20051219</subfield>
   <subfield code="h">Αλφαβητική σειρά</subfield>
   <subfield code="p">49239</subfield>
   <subfield code="q">49239</subfield>
   <subfield code="t">NOLOAN</subfield>
   <subfield code="v">τεύχ.11:(Μήνας)Νοέμβριος;(Έτος)2005</subfield>
   <subfield code="y">23</subfield>
  </datafield>
  <datafield tag="852" ind1=" " ind2=" ">
   <subfield code="a">INST</subfield>
   <subfield code="b">UNIPILB</subfield>
   <subfield code="c">SERIALS</subfield>
   <subfield code="e">20061010</subfield>
   <subfield code="h">Αλφαβητική σειρά</subfield>
   <subfield code="p">53045</subfield>
   <subfield code="q">53045</subfield>
   <subfield code="t">NOLOAN</subfield>
   <subfield code="v">τεύχ.3-4:(Μήνες)Μάρτ./Απρ.;(Έτος)2006</subfield>
   <subfield code="y">23</subfield>
  </datafield>
  <datafield tag="852" ind1=" " ind2=" ">
   <subfield code="a">INST</subfield>
   <subfield code="b">UNIPILB</subfield>
   <subfield code="c">SERIALS</subfield>
   <subfield code="e">20061012</subfield>
   <subfield code="h">Αλφαβητική σειρά</subfield>
   <subfield code="p">53059</subfield>
   <subfield code="q">53059</subfield>
   <subfield code="t">NOLOAN</subfield>
   <subfield code="v">τεύχ.5-6:(Μήνες)Μάϊος/Ιούν.;(Έτος)2006</subfield>
   <subfield code="y">23</subfield>
  </datafield>
  <datafield tag="852" ind1=" " ind2=" ">
   <subfield code="a">INST</subfield>
   <subfield code="b">UNIPILB</subfield>
   <subfield code="c">SERIALS</subfield>
   <subfield code="e">20061030</subfield>
   <subfield code="h">Αλφαβητική σειρά</subfield>
   <subfield code="p">53329</subfield>
   <subfield code="q">53329</subfield>
   <subfield code="t">NOLOAN</subfield>
   <subfield code="v">τεύχ.7-8:(Μήνες)Ιούλ./Αύγ.;(Έτος)2006</subfield>
   <subfield code="y">23</subfield>
  </datafield>
  <datafield tag="852" ind1=" " ind2=" ">
   <subfield code="a">INST</subfield>
   <subfield code="b">UNIPILB</subfield>
   <subfield code="c">SERIALS</subfield>
   <subfield code="e">20061127</subfield>
   <subfield code="h">Αλφαβητική σειρά</subfield>
   <subfield code="p">53767</subfield>
   <subfield code="q">53767</subfield>
   <subfield code="t">NOLOAN</subfield>
   <subfield code="v">τεύχ.9:(Μήνας)Σεπτέμβριος;(Έτος)2006</subfield>
   <subfield code="y">23</subfield>
  </datafield>
  <datafield tag="852" ind1=" " ind2=" ">
   <subfield code="a">INST</subfield>
   <subfield code="b">UNIPILB</subfield>
   <subfield code="c">SERIALS</subfield>
   <subfield code="e">20061218</subfield>
   <subfield code="h">Αλφαβητική σειρά</subfield>
   <subfield code="p">53970</subfield>
   <subfield code="q">53970</subfield>
   <subfield code="t">NOLOAN</subfield>
   <subfield code="v">τεύχ.10:(Μήνας)Οκτώβριος;(Έτος)2006</subfield>
   <subfield code="y">23</subfield>
  </datafield>
  <datafield tag="852" ind1=" " ind2=" ">
   <subfield code="a">INST</subfield>
   <subfield code="b">UNIPILB</subfield>
   <subfield code="c">SERIALS</subfield>
   <subfield code="e">20070119</subfield>
   <subfield code="h">Αλφαβητική σειρά</subfield>
   <subfield code="p">54179</subfield>
   <subfield code="q">54179</subfield>
   <subfield code="t">NOLOAN</subfield>
   <subfield code="v">τεύχ.11:(Μήνας)Νοέμβριος;(Έτος)2006</subfield>
   <subfield code="y">23</subfield>
  </datafield>
  <datafield tag="852" ind1=" " ind2=" ">
   <subfield code="a">INST</subfield>
   <subfield code="b">UNIPILB</subfield>
   <subfield code="c">SERIALS</subfield>
   <subfield code="e">20070319</subfield>
   <subfield code="h">Αλφαβητική σειρά</subfield>
   <subfield code="p">55098</subfield>
   <subfield code="q">55098</subfield>
   <subfield code="t">NOLOAN</subfield>
   <subfield code="v">τεύχ.1-2:(Μήνες)Ιαν./Φεβ.;(Έτος)2008</subfield>
   <subfield code="y">23</subfield>
  </datafield>
  <datafield tag="852" ind1=" " ind2=" ">
   <subfield code="a">INST</subfield>
   <subfield code="b">UNIPILB</subfield>
   <subfield code="c">SERIALS</subfield>
   <subfield code="e">20070319</subfield>
   <subfield code="h">Αλφαβητική σειρά</subfield>
   <subfield code="p">55099</subfield>
   <subfield code="q">55099</subfield>
   <subfield code="t">NOLOAN</subfield>
   <subfield code="v">τεύχ.1:(Μήνας)Ιανουάριος;(Έτος)2006</subfield>
   <subfield code="y">23</subfield>
  </datafield>
  <datafield tag="852" ind1=" " ind2=" ">
   <subfield code="a">INST</subfield>
   <subfield code="b">UNIPILB</subfield>
   <subfield code="c">SERIALS</subfield>
   <subfield code="e">20070319</subfield>
   <subfield code="h">Αλφαβητική σειρά</subfield>
   <subfield code="p">55100</subfield>
   <subfield code="q">55100</subfield>
   <subfield code="t">NOLOAN</subfield>
   <subfield code="v">τεύχ.12:(Μήνας)Δεκέμβριος;(Έτος)2006</subfield>
   <subfield code="y">23</subfield>
  </datafield>
  <datafield tag="852" ind1=" " ind2=" ">
   <subfield code="a">INST</subfield>
   <subfield code="b">UNIPILB</subfield>
   <subfield code="c">SERIALS</subfield>
   <subfield code="e">20070703</subfield>
   <subfield code="h">Αλφαβητική σειρά</subfield>
   <subfield code="p">56121</subfield>
   <subfield code="q">56121</subfield>
   <subfield code="t">NOLOAN</subfield>
   <subfield code="v">τεύχ.4:(Μήνας)Μάρτιος;(Έτος)2007</subfield>
   <subfield code="y">23</subfield>
  </datafield>
  <datafield tag="852" ind1=" " ind2=" ">
   <subfield code="a">INST</subfield>
   <subfield code="b">UNIPILB</subfield>
   <subfield code="c">SERIALS</subfield>
   <subfield code="e">20070703</subfield>
   <subfield code="h">Αλφαβητική σειρά</subfield>
   <subfield code="p">56122</subfield>
   <subfield code="q">56122</subfield>
   <subfield code="t">NOLOAN</subfield>
   <subfield code="v">τεύχ.5:(Μήνας)Απρίλιος;(Έτος)2007</subfield>
   <subfield code="y">23</subfield>
  </datafield>
  <datafield tag="852" ind1=" " ind2=" ">
   <subfield code="a">INST</subfield>
   <subfield code="b">UNIPILB</subfield>
   <subfield code="c">SERIALS</subfield>
   <subfield code="e">20070703</subfield>
   <subfield code="h">Αλφαβητική σειρά</subfield>
   <subfield code="p">56123</subfield>
   <subfield code="q">56123</subfield>
   <subfield code="t">NOLOAN</subfield>
   <subfield code="v">τεύχ.1:(Μήνας)Ιανουάριος;(Έτος)2007</subfield>
   <subfield code="y">23</subfield>
  </datafield>
  <datafield tag="852" ind1=" " ind2=" ">
   <subfield code="a">INST</subfield>
   <subfield code="b">UNIPILB</subfield>
   <subfield code="c">SERIALS</subfield>
   <subfield code="e">20070716</subfield>
   <subfield code="h">Αλφαβητική σειρά</subfield>
   <subfield code="p">56318</subfield>
   <subfield code="q">56318</subfield>
   <subfield code="t">NOLOAN</subfield>
   <subfield code="v">τεύχ.2:(Μήνας)Φεβρουάριος;(Έτος)2007</subfield>
   <subfield code="y">23</subfield>
  </datafield>
  <datafield tag="852" ind1=" " ind2=" ">
   <subfield code="a">INST</subfield>
   <subfield code="b">UNIPILB</subfield>
   <subfield code="c">SERIALS</subfield>
   <subfield code="e">20071015</subfield>
   <subfield code="h">Αλφαβητική σειρά</subfield>
   <subfield code="p">57562</subfield>
   <subfield code="q">57562</subfield>
   <subfield code="t">NOLOAN</subfield>
   <subfield code="v">τεύχ.5:(Μήνας)Μάιος;(Έτος)2007</subfield>
   <subfield code="y">23</subfield>
  </datafield>
  <datafield tag="852" ind1=" " ind2=" ">
   <subfield code="a">INST</subfield>
   <subfield code="b">UNIPILB</subfield>
   <subfield code="c">SERIALS</subfield>
   <subfield code="e">20071015</subfield>
   <subfield code="h">Αλφαβητική σειρά</subfield>
   <subfield code="p">57563</subfield>
   <subfield code="q">57563</subfield>
   <subfield code="t">NOLOAN</subfield>
   <subfield code="v">τεύχ.6:(Μήνας)Ιούνιος;(Έτος)2007</subfield>
   <subfield code="y">23</subfield>
  </datafield>
  <datafield tag="852" ind1=" " ind2=" ">
   <subfield code="a">INST</subfield>
   <subfield code="b">UNIPILB</subfield>
   <subfield code="c">SERIALS</subfield>
   <subfield code="e">20071030</subfield>
   <subfield code="h">Αλφαβητική σειρά</subfield>
   <subfield code="p">57991</subfield>
   <subfield code="q">57991</subfield>
   <subfield code="t">NOLOAN</subfield>
   <subfield code="v">τεύχ.7-8:(Μήνες)Ιούλ./Αύγ.;(Έτος)2007</subfield>
   <subfield code="y">23</subfield>
  </datafield>
  <datafield tag="852" ind1=" " ind2=" ">
   <subfield code="a">INST</subfield>
   <subfield code="b">UNIPILB</subfield>
   <subfield code="c">SERIALS</subfield>
   <subfield code="e">20071130</subfield>
   <subfield code="h">Αλφαβητική σειρά</subfield>
   <subfield code="p">58742</subfield>
   <subfield code="q">58742</subfield>
   <subfield code="t">NOLOAN</subfield>
   <subfield code="v">τεύχ.9:(Μήνας)Σεπτέμβριος;(Έτος)2007</subfield>
   <subfield code="y">23</subfield>
  </datafield>
  <datafield tag="852" ind1=" " ind2=" ">
   <subfield code="a">INST</subfield>
   <subfield code="b">UNIPILB</subfield>
   <subfield code="c">SERIALS</subfield>
   <subfield code="e">20080108</subfield>
   <subfield code="h">Αλφαβητική σειρά</subfield>
   <subfield code="p">59274</subfield>
   <subfield code="q">59274</subfield>
   <subfield code="t">NOLOAN</subfield>
   <subfield code="v">τεύχ.10:(Μήνας)Οκτώβριος;(Έτος)2007</subfield>
   <subfield code="y">23</subfield>
  </datafield>
  <datafield tag="852" ind1=" " ind2=" ">
   <subfield code="a">INST</subfield>
   <subfield code="b">UNIPILB</subfield>
   <subfield code="c">SERIALS</subfield>
   <subfield code="e">20080215</subfield>
   <subfield code="h">Αλφαβητική σειρά</subfield>
   <subfield code="p">59729</subfield>
   <subfield code="q">59729</subfield>
   <subfield code="t">NOLOAN</subfield>
   <subfield code="v">τεύχ.11:(Μήνας)Νοέμβριος;(Έτος)2007</subfield>
   <subfield code="y">23</subfield>
  </datafield>
  <datafield tag="852" ind1=" " ind2=" ">
   <subfield code="a">INST</subfield>
   <subfield code="b">UNIPILB</subfield>
   <subfield code="c">SERIALS</subfield>
   <subfield code="e">20080417</subfield>
   <subfield code="h">Αλφαβητική σειρά</subfield>
   <subfield code="p">60547</subfield>
   <subfield code="q">60547</subfield>
   <subfield code="t">NOLOAN</subfield>
   <subfield code="v">τεύχ.12:(Μήνας)Δεκέμβριος;(Έτος)2007</subfield>
   <subfield code="y">23</subfield>
  </datafield>
  <datafield tag="852" ind1=" " ind2=" ">
   <subfield code="a">INST</subfield>
   <subfield code="b">UNIPILB</subfield>
   <subfield code="c">SERIALS</subfield>
   <subfield code="e">20080626</subfield>
   <subfield code="h">Αλφαβητική σειρά</subfield>
   <subfield code="p">60855</subfield>
   <subfield code="q">60855</subfield>
   <subfield code="t">NOLOAN</subfield>
   <subfield code="v">τεύχ.3:(Μήνας)Μάρτιος;(Έτος)2008</subfield>
   <subfield code="y">23</subfield>
  </datafield>
  <datafield tag="852" ind1=" " ind2=" ">
   <subfield code="a">INST</subfield>
   <subfield code="b">UNIPILB</subfield>
   <subfield code="c">SERIALS</subfield>
   <subfield code="e">20080724</subfield>
   <subfield code="h">Αλφαβητική σειρά</subfield>
   <subfield code="p">61257</subfield>
   <subfield code="q">61257</subfield>
   <subfield code="t">NOLOAN</subfield>
   <subfield code="v">τεύχ.4:(Μήνας)Απρίλιος;(Έτος)2008</subfield>
   <subfield code="y">23</subfield>
  </datafield>
  <datafield tag="852" ind1=" " ind2=" ">
   <subfield code="a">INST</subfield>
   <subfield code="b">UNIPILB</subfield>
   <subfield code="c">SERIALS</subfield>
   <subfield code="e">20080829</subfield>
   <subfield code="h">Αλφαβητική σειρά</subfield>
   <subfield code="p">61313</subfield>
   <subfield code="q">61313</subfield>
   <subfield code="t">NOLOAN</subfield>
   <subfield code="v">τεύχ.5:(Μήνας)Μάιος;(Έτος)2008</subfield>
   <subfield code="y">23</subfield>
  </datafield>
  <datafield tag="852" ind1=" " ind2=" ">
   <subfield code="a">INST</subfield>
   <subfield code="b">UNIPILB</subfield>
   <subfield code="c">SERIALS</subfield>
   <subfield code="e">20081118</subfield>
   <subfield code="h">Αλφαβητική σειρά</subfield>
   <subfield code="p">62077</subfield>
   <subfield code="q">62077</subfield>
   <subfield code="t">NOLOAN</subfield>
   <subfield code="v">τεύχ.6-9:(Μήνες)Ιούν./Σεπ.;(Έτος)2008</subfield>
   <subfield code="y">23</subfield>
  </datafield>
  <datafield tag="852" ind1=" " ind2=" ">
   <subfield code="a">INST</subfield>
   <subfield code="b">UNIPILB</subfield>
   <subfield code="c">SERIALS</subfield>
   <subfield code="e">20081219</subfield>
   <subfield code="h">Αλφαβητική σειρά</subfield>
   <subfield code="p">62312</subfield>
   <subfield code="q">62312</subfield>
   <subfield code="t">NOLOAN</subfield>
   <subfield code="v">τεύχ.10:(Μήνας)Οκτώβριος;(Έτος)2008</subfield>
   <subfield code="y">23</subfield>
  </datafield>
  <datafield tag="852" ind1=" " ind2=" ">
   <subfield code="a">INST</subfield>
   <subfield code="b">UNIPILB</subfield>
   <subfield code="c">SERIALS</subfield>
   <subfield code="e">20090122</subfield>
   <subfield code="h">Αλφαβητική σειρά</subfield>
   <subfield code="p">62504</subfield>
   <subfield code="q">62504</subfield>
   <subfield code="t">NOLOAN</subfield>
   <subfield code="v">τεύχ.11:(Μήνας)Νοέμβριος;(Έτος)2008</subfield>
   <subfield code="y">23</subfield>
  </datafield>
  <datafield tag="852" ind1=" " ind2=" ">
   <subfield code="a">INST</subfield>
   <subfield code="b">UNIPILB</subfield>
   <subfield code="c">SERIALS</subfield>
   <subfield code="e">20090225</subfield>
   <subfield code="h">Αλφαβητική σειρά</subfield>
   <subfield code="p">63166</subfield>
   <subfield code="q">63166</subfield>
   <subfield code="t">NOLOAN</subfield>
   <subfield code="v">τεύχ.12:(Μήνας)Δεκέμβριος;(Έτος)2008</subfield>
   <subfield code="y">23</subfield>
  </datafield>
  <datafield tag="852" ind1=" " ind2=" ">
   <subfield code="a">INST</subfield>
   <subfield code="b">UNIPILB</subfield>
   <subfield code="c">SERIALS</subfield>
   <subfield code="e">20090408</subfield>
   <subfield code="h">Αλφαβητική σειρά</subfield>
   <subfield code="p">63861</subfield>
   <subfield code="q">63861</subfield>
   <subfield code="t">NOLOAN</subfield>
   <subfield code="v">τεύχ.2:(Μήνας)Φεβρουάριος;(Έτος)2009</subfield>
   <subfield code="y">23</subfield>
  </datafield>
  <datafield tag="852" ind1=" " ind2=" ">
   <subfield code="a">INST</subfield>
   <subfield code="b">UNIPILB</subfield>
   <subfield code="c">SERIALS</subfield>
   <subfield code="e">20090512</subfield>
   <subfield code="h">Αλφαβητική σειρά</subfield>
   <subfield code="p">64046</subfield>
   <subfield code="q">64046</subfield>
   <subfield code="t">NOLOAN</subfield>
   <subfield code="v">τεύχ.1:(Μήνας)Ιανουάριος;(Έτος)2009</subfield>
   <subfield code="y">23</subfield>
  </datafield>
  <datafield tag="852" ind1=" " ind2=" ">
   <subfield code="a">INST</subfield>
   <subfield code="b">UNIPILB</subfield>
   <subfield code="c">SERIALS</subfield>
   <subfield code="e">20090518</subfield>
   <subfield code="h">Αλφαβητική σειρά</subfield>
   <subfield code="p">64099</subfield>
   <subfield code="q">64099</subfield>
   <subfield code="t">NOLOAN</subfield>
   <subfield code="v">τεύχ.3:(Μήνας)Μάρτιος;(Έτος)2009</subfield>
   <subfield code="y">23</subfield>
  </datafield>
  <datafield tag="852" ind1=" " ind2=" ">
   <subfield code="a">INST</subfield>
   <subfield code="b">UNIPILB</subfield>
   <subfield code="c">SERIALS</subfield>
   <subfield code="e">20090701</subfield>
   <subfield code="h">Αλφαβητική σειρά</subfield>
   <subfield code="p">64331</subfield>
   <subfield code="q">64331</subfield>
   <subfield code="t">NOLOAN</subfield>
   <subfield code="v">τεύχ.4:(Μήνας)Απρίλιος;(Έτος)2009</subfield>
   <subfield code="y">23</subfield>
  </datafield>
  <datafield tag="852" ind1=" " ind2=" ">
   <subfield code="a">INST</subfield>
   <subfield code="b">UNIPILB</subfield>
   <subfield code="c">SERIALS</subfield>
   <subfield code="e">20090710</subfield>
   <subfield code="h">Αλφαβητική σειρά</subfield>
   <subfield code="p">64396</subfield>
   <subfield code="q">64396</subfield>
   <subfield code="t">NOLOAN</subfield>
   <subfield code="v">τεύχ.5:(Μήνας)Μάιος;(Έτος)2009</subfield>
   <subfield code="y">23</subfield>
  </datafield>
  <datafield tag="852" ind1=" " ind2=" ">
   <subfield code="a">INST</subfield>
   <subfield code="b">UNIPILB</subfield>
   <subfield code="c">SERIALS</subfield>
   <subfield code="e">20091111</subfield>
   <subfield code="h">Αλφαβητική σειρά</subfield>
   <subfield code="p">65370</subfield>
   <subfield code="q">65370</subfield>
   <subfield code="t">NOLOAN</subfield>
   <subfield code="v">τεύχ.6-8:(Μήνες)Ιούν./Ιούλ./Αύγ.;(Έτος)2009</subfield>
   <subfield code="y">23</subfield>
  </datafield>
  <datafield tag="852" ind1=" " ind2=" ">
   <subfield code="a">INST</subfield>
   <subfield code="b">UNIPILB</subfield>
   <subfield code="c">SERIALS</subfield>
   <subfield code="e">20091118</subfield>
   <subfield code="h">Αλφαβητική σειρά</subfield>
   <subfield code="p">65383</subfield>
   <subfield code="q">65383</subfield>
   <subfield code="t">NOLOAN</subfield>
   <subfield code="v">τεύχ.9:(Μήνας)Σεπτέμβριος;(Έτος)2009</subfield>
   <subfield code="y">23</subfield>
  </datafield>
  <datafield tag="852" ind1=" " ind2=" ">
   <subfield code="a">INST</subfield>
   <subfield code="b">UNIPILB</subfield>
   <subfield code="c">SERIALS</subfield>
   <subfield code="e">20100114</subfield>
   <subfield code="h">Αλφαβητική σειρά</subfield>
   <subfield code="p">66214</subfield>
   <subfield code="q">66214</subfield>
   <subfield code="t">NOLOAN</subfield>
   <subfield code="v">τεύχ.10:(Μήνας)Οκτώβριος;(Έτος)2009</subfield>
   <subfield code="y">23</subfield>
  </datafield>
  <datafield tag="852" ind1=" " ind2=" ">
   <subfield code="a">INST</subfield>
   <subfield code="b">UNIPILB</subfield>
   <subfield code="c">SERIALS</subfield>
   <subfield code="e">20100120</subfield>
   <subfield code="h">Αλφαβητική σειρά</subfield>
   <subfield code="p">66353</subfield>
   <subfield code="q">66353</subfield>
   <subfield code="t">NOLOAN</subfield>
   <subfield code="v">τεύχ.10:(Μήνας)Νοέμβριος;(Έτος)2009</subfield>
   <subfield code="y">23</subfield>
  </datafield>
  <datafield tag="852" ind1=" " ind2=" ">
   <subfield code="a">INST</subfield>
   <subfield code="b">UNIPILB</subfield>
   <subfield code="c">SERIALS</subfield>
   <subfield code="e">20100308</subfield>
   <subfield code="h">Αλφαβητική σειρά</subfield>
   <subfield code="p">67249</subfield>
   <subfield code="q">67249</subfield>
   <subfield code="t">NOLOAN</subfield>
   <subfield code="v">τεύχ.12:(Μήνας)Δεκέμβριος;(Έτος)2009</subfield>
   <subfield code="y">23</subfield>
  </datafield>
  <datafield tag="852" ind1=" " ind2=" ">
   <subfield code="a">INST</subfield>
   <subfield code="b">UNIPILB</subfield>
   <subfield code="c">SERIALS</subfield>
   <subfield code="e">20051004</subfield>
   <subfield code="h">Αλφαβητική σειρά</subfield>
   <subfield code="p">NB000335</subfield>
   <subfield code="q">NB000335</subfield>
   <subfield code="t">NOLOAN</subfield>
   <subfield code="v">τεύχ.1:(Μήνας)Ιανουάριος;(Έτος)2005</subfield>
   <subfield code="y">23</subfield>
  </datafield>
  <datafield tag="852" ind1=" " ind2=" ">
   <subfield code="a">INST</subfield>
   <subfield code="b">UNIPILB</subfield>
   <subfield code="c">SERIALS</subfield>
   <subfield code="e">20051004</subfield>
   <subfield code="h">Αλφαβητική σειρά</subfield>
   <subfield code="p">NB000336</subfield>
   <subfield code="q">NB000336</subfield>
   <subfield code="t">NOLOAN</subfield>
   <subfield code="v">τεύχ.2:(Μήνας)Φεβρουάριος;(Έτος)2005</subfield>
   <subfield code="y">23</subfield>
  </datafield>
  <datafield tag="900" ind1=" " ind2=" ">
   <subfield code="a">Τχ. 2 (Ιανουάριος 2010)</subfield>
   <subfield code="b">Οφειλόμενο</subfield>
   <subfield code="c">30/06/2010</subfield>
  </datafield>
  <datafield tag="900" ind1=" " ind2=" ">
   <subfield code="a">Τχ. 3 (Μάρτιος 2004)</subfield>
   <subfield code="b">Οφειλόμενο</subfield>
   <subfield code="c">10/10/2005</subfield>
  </datafield>
  <datafield tag="900" ind1=" " ind2=" ">
   <subfield code="a">Τχ. 12 (Δεκέμβριος 2004)</subfield>
   <subfield code="b">Οφειλόμενο</subfield>
   <subfield code="c">10/10/2005</subfield>
  </datafield>
  <datafield tag="900" ind1=" " ind2=" ">
   <subfield code="a">Τχ. 2 (Φεβρουάριος 2006)</subfield>
   <subfield code="b">Οφειλόμενο</subfield>
   <subfield code="c">23/05/2007</subfield>
  </datafield>
  <datafield tag="900" ind1=" " ind2=" ">
   <subfield code="a">Τχ. 6 (Ιούνιος 2006)</subfield>
   <subfield code="b">Οφειλόμενο</subfield>
   <subfield code="c">18/09/2007</subfield>
  </datafield>
  <datafield tag="900" ind1=" " ind2=" ">
   <subfield code="a">Τχ. 3 (Φεβρουάριος 2008)</subfield>
   <subfield code="b">Οφειλόμενο</subfield>
   <subfield code="c">02/12/2008</subfield>
  </datafield>
  <datafield tag="900" ind1=" " ind2=" ">
   <subfield code="a">Τχ. 8 (Ιούλ./Αύγ. 2008)</subfield>
   <subfield code="b">Οφειλόμενο</subfield>
   <subfield code="c">05/02/2009</subfield>
  </datafield>
  <datafield tag="900" ind1=" " ind2=" ">
   <subfield code="a">Τχ. 9 (Σεπτέμβριος 2008)</subfield>
   <subfield code="b">Οφειλόμενο</subfield>
   <subfield code="c">12/04/2009</subfield>
  </datafield>
  <datafield tag="900" ind1=" " ind2=" ">
   <subfield code="a">Τχ. 7 (Ιούλ./Αύγ. 2009)</subfield>
   <subfield code="b">Οφειλόμενο</subfield>
   <subfield code="c">25/01/2010</subfield>
  </datafield>
  <datafield tag="950" ind1=" " ind2=" ">
   <subfield code="a">01/01/2004</subfield>
   <subfield code="c">ΔΩΡΕΑ ΠΕΡΙΟΔΙΚΩΝ</subfield>
   <subfield code="d">595</subfield>
  </datafield>
  <datafield tag="951" ind1=" " ind2=" ">
   <subfield code="a">Τχ. 9 (Σεπτέμβριος 2009) - Τχ. 12 (Δεκέμβριος 2009)</subfield>
   <subfield code="b">Main run</subfield>
  </datafield>
  <datafield tag="951" ind1=" " ind2=" ">
   <subfield code="a">Ευρετήριο 2004</subfield>
   <subfield code="b">Indexes</subfield>
  </datafield>
  <datafield tag="951" ind1=" " ind2=" ">
   <subfield code="a">Ερευτήριο 2007</subfield>
   <subfield code="b">Indexes</subfield>
  </datafield>
  <datafield tag="951" ind1=" " ind2=" ">
   <subfield code="a">Ευρετήριο 2008</subfield>
   <subfield code="b">Indexes</subfield>
  </datafield>
  <datafield tag="951" ind1=" " ind2=" ">
   <subfield code="a">Τχ.7-8  (1984)</subfield>
   <subfield code="b">Main run</subfield>
  </datafield>
  <datafield tag="951" ind1=" " ind2=" ">
   <subfield code="a">Τχ. 3(1987) - Τχ. 4  (1987)</subfield>
   <subfield code="b">Main run</subfield>
  </datafield>
  <datafield tag="951" ind1=" " ind2=" ">
   <subfield code="a">Τχ. 1  (1994)</subfield>
   <subfield code="b">Main run</subfield>
  </datafield>
  <datafield tag="951" ind1=" " ind2=" ">
   <subfield code="a">Τχ. 1  (1997)</subfield>
   <subfield code="b">Main run</subfield>
  </datafield>
  <datafield tag="951" ind1=" " ind2=" ">
   <subfield code="a">Τχ. 1, 3, 4, 11, 12  (1999)</subfield>
   <subfield code="b">Main run</subfield>
  </datafield>
  <datafield tag="951" ind1=" " ind2=" ">
   <subfield code="a">Τχ. 3  (2001)</subfield>
   <subfield code="b">Main run</subfield>
  </datafield>
  <datafield tag="951" ind1=" " ind2=" ">
   <subfield code="a">Τχ.2, 3, 4, 6  (2000)</subfield>
   <subfield code="b">Main run</subfield>
  </datafield>
  <datafield tag="951" ind1=" " ind2=" ">
   <subfield code="a">Τχ. 1 (Ιανουάριος 2004)</subfield>
   <subfield code="b">Main run</subfield>
  </datafield>
  <datafield tag="951" ind1=" " ind2=" ">
   <subfield code="a">Τχ. 2 (Φεβρουάριος 2004)</subfield>
   <subfield code="b">Main run</subfield>
  </datafield>
  <datafield tag="951" ind1=" " ind2=" ">
   <subfield code="a">Τχ. 4 (Απρίλιος 2004) - Τχ. 6 (Ιούνιος 2004)</subfield>
   <subfield code="b">Main run</subfield>
  </datafield>
  <datafield tag="951" ind1=" " ind2=" ">
   <subfield code="a">Τχ. 7-8 (Ιούλ./Αύγ. 2004)</subfield>
   <subfield code="b">Main run</subfield>
  </datafield>
  <datafield tag="951" ind1=" " ind2=" ">
   <subfield code="a">Τχ. 9 (Σεπτέμβριος 2004) - Τχ. 11 (Νοέμβριος 2004)</subfield>
   <subfield code="b">Main run</subfield>
  </datafield>
  <datafield tag="951" ind1=" " ind2=" ">
   <subfield code="a">Τχ. 1 (Ιανουάριος 2005) - Τχ. 6 (Ιούνιος 2005)</subfield>
   <subfield code="b">Main run</subfield>
  </datafield>
  <datafield tag="951" ind1=" " ind2=" ">
   <subfield code="a">Τχ. 7-8 (Ιούλ./Αύγ. 2005)</subfield>
   <subfield code="b">Main run</subfield>
  </datafield>
  <datafield tag="951" ind1=" " ind2=" ">
   <subfield code="a">Τχ. 9 (Σεπτέμβριος 2005) - Τχ. 11 (Νοέμβριος 2005)</subfield>
   <subfield code="b">Main run</subfield>
  </datafield>
  <datafield tag="951" ind1=" " ind2=" ">
   <subfield code="a">Τχ. 1 (Ιανουάριος 2006)</subfield>
   <subfield code="b">Main run</subfield>
  </datafield>
  <datafield tag="951" ind1=" " ind2=" ">
   <subfield code="a">Τχ. 3-4  (Μάρτ./Απρ. 2006)</subfield>
   <subfield code="b">Main run</subfield>
  </datafield>
  <datafield tag="951" ind1=" " ind2=" ">
   <subfield code="a">Τχ. 5-6  (Μάϊος/Ιούν. 2006)</subfield>
   <subfield code="b">Main run</subfield>
  </datafield>
  <datafield tag="951" ind1=" " ind2=" ">
   <subfield code="a">Τχ. 7-8 (Ιούλ./Αύγ. 2006)</subfield>
   <subfield code="b">Main run</subfield>
  </datafield>
  <datafield tag="951" ind1=" " ind2=" ">
   <subfield code="a">Τχ. 9 (Σεπτέμβριος 2006) - Τχ. 12 (Δεκέμβριος 2006)</subfield>
   <subfield code="b">Main run</subfield>
  </datafield>
  <datafield tag="951" ind1=" " ind2=" ">
   <subfield code="a">Τχ. 1 (Ιανουάριος 2007) - Τχ. 6 (Ιούνιος 2007)</subfield>
   <subfield code="b">Main run</subfield>
  </datafield>
  <datafield tag="951" ind1=" " ind2=" ">
   <subfield code="a">Τχ. 7-8 (Ιούλ./Αύγ. 2007)</subfield>
   <subfield code="b">Main run</subfield>
  </datafield>
  <datafield tag="951" ind1=" " ind2=" ">
   <subfield code="a">Τχ. 9 (Σεπτέμβριος 2007) - Τχ. 12 (Δεκέμβριος 2007)</subfield>
   <subfield code="b">Main run</subfield>
  </datafield>
  <datafield tag="951" ind1=" " ind2=" ">
   <subfield code="a">Τχ. 1-2  (Ιαν./Φεβ. 2008)</subfield>
   <subfield code="b">Main run</subfield>
  </datafield>
  <datafield tag="951" ind1=" " ind2=" ">
   <subfield code="a">Τχ. 3 (Μάρτιος 2008) - Τχ. 5 (Μάϊος 2008)</subfield>
   <subfield code="b">Main run</subfield>
  </datafield>
  <datafield tag="951" ind1=" " ind2=" ">
   <subfield code="a">Τχ. 6-9  (Ιούν./Σεπ. 2008)</subfield>
   <subfield code="b">Main run</subfield>
  </datafield>
  <datafield tag="951" ind1=" " ind2=" ">
   <subfield code="a">Τχ. 10 (Οκτώβριος 2008) - Τχ. 12 (Δεκέμβριος 2008)</subfield>
   <subfield code="b">Main run</subfield>
  </datafield>
  <datafield tag="951" ind1=" " ind2=" ">
   <subfield code="a">Τχ. 1 (Ιανουάριος 2009) - Τχ. 5 (Μάϊος 2009)</subfield>
   <subfield code="b">Main run</subfield>
  </datafield>
  <datafield tag="951" ind1=" " ind2=" ">
   <subfield code="a">Τχ. 6-8  (Ιούν./Ιούλ./Αύγ. 2009)</subfield>
   <subfield code="b">Main run</subfield>
  </datafield>
 </record>
</collection>
